| 000 | 01346nam a2200349 i 4500 | ||
|---|---|---|---|
| 003 | EG-GICUC | ||
| 005 | 20260121101429.0 | ||
| 008 | 251204s1012 ua ||||fr|||| 000 0 ara d | ||
| 017 | _a2012/2425 | ||
| 020 | _a978-977-04-6942-8 | ||
| 040 |
_a EG-GICUC _bara _c EG-GICUC _d EG-GICUC _erda |
||
| 041 | _aara | ||
| 082 | 0 | 4 |
_221 _a343.460538 _bخ ا . ج |
| 092 | 0 | 4 | _221 |
| 099 | _aLaw1 10 343.460538 خ ا . ج 1 ed - 2012 | ||
| 100 | 0 |
_aخالد حربي السعدي, _eمؤلف. |
|
| 245 | 1 | 0 |
_aجريمة إتلاف برامج ومعلومات الحاسب الآلي في التشريعين الكويتي والمقارن / _cخالد حربي السعدي. |
| 250 | _aالطبعة الاولى | ||
| 264 | 1 |
_aالقاهرة : _bدار النهضة العربية, _c2012. |
|
| 300 |
_a166 صفحة ؛ _c24 سم |
||
| 336 |
_2rda content _atext |
||
| 337 |
_2rda media _aComputer |
||
| 338 |
_2rda carrier _aOnline Resource |
||
| 504 | _a. 166-159ببليوجرافيا: صفحات. | ||
| 546 | _aالنص باللغة العربية | ||
| 650 | 1 | 4 |
_aالتشريعات المتعلقة بتقنية المعلومات _2qrmak |
| 650 | 1 | 4 |
_aالمسئولية الجنائية _2qrmak |
| 651 | 1 | _2qrmak | |
| 856 | 4 | 0 | _uhttps://fll.law.cu.edu.eg/fulltext/bks/B10-06977.pdf |
| 905 |
_a5 _eHassnaa |
||
| 942 |
_2ddc _cBK _e21 _n0 |
||
| 999 |
_c48308 _d48308 |
||